Visualizzazione normale
Vista MARC
- RELIGIOSA [DISCHI]
di Topical Term
Records bibliografici associati: 8
001 - CONTROL NUMBER
- control field: 1588
003 - CONTROL NUMBER IDENTIFIER
- control field: IT-RoPau
005 - DATE AND TIME OF LATEST TRANSACTION
- control field: 20131109155855.0
008 - FIXED-LENGTH DATA ELEMENTS
- fixed length control field: 131109|| aca||aabn | a|a d
040 ## - CATALOGING SOURCE
- Original cataloging agency: IT-RoPau
- Transcribing agency: IT-RoPau
150 ## - HEADING--TOPICAL TERM
- Topical term or geographic name entry element: RELIGIOSA [DISCHI]
- : Codice MATERIA SPICS: 9950
670 ## - SOURCE DATA FOUND
- Source citation: Work cat.: (IT-RoPau)101973: Puliani Sandro 1585, Nella sua libertà (Canti della Pia Unio "Redemptor Hominis")